000 00933nac a22002777a 4500
001 BR9102953
003 BR-BrBNA
005 20240105121213.0
008 230509b bl.|||m| |||| 00| 0 por d
040 _aBR-BrBNA
_bpor
_cBiblioteca Nacional de Agricultura
072 _aE40
090 _a0180 BR9102953
100 1 _aBenetti, M.D.
110 1 _aFundacao de Economia e Estatistica, Porto Alegre, RS (Brasil)
_94853
245 1 _aOrigem e formacao do cooperativismo empresarial no Rio Grande do Sul; uma analise do desenvolvimento da COTRIJUI, COTRISA e FECOTRIGO 1957/1980
260 3 _aPorto Alegre, RS (Brasil):
_c1982.
300 _a171 p.
490 _aTeses - Fundacao de Economia e Estatistica (Brazil)
_vno. 5
_x
500 _a44 ref.
650 _aTRIGO
650 _aSOJA
650 _aCOOPERATIVA
650 _aRIO GRANDE DO SUL
909 _a202312
_bLúcia Elande
_c55
_dLúcia Elande
942 _2AGRIS
_n0
_cMS
999 _c283918
_d283918